| 000 | 00884nam a2200241 a 4500 | ||
|---|---|---|---|
| 001 | 000019089 | ||
| 005 | 20200929165922.0 | ||
| 008 | 850116s1981 dr b s000 0 spa d | ||
| 020 | _a9685900213 | ||
| 040 |
_aDO-SdBNP _bspa _cBNPHU |
||
| 082 |
_aXXX _bH153b, 1981 |
||
| 245 | 0 | 0 |
_aHaití bajo la opresion de los Duvalier : _btextos de diversas organizaciones y personalidades de Haití / _cElizabeth Filibert, Marc Antoine Marsan, Marc Romulus, Paul Laraque; coordinado por Gérard Pierre-Charles. |
| 250 | _a2a ed. | ||
| 260 |
_aSanto Domingo : _bTaller, _c1981. |
||
| 300 |
_a93 p. ; _c20 cm. |
||
| 490 | 1 | _aNuestro continente | |
| 700 | 1 |
_aFilibert, Elizabeth. _941076 |
|
| 700 | 1 |
_aMarsan, Marc Antoine _941077 |
|
| 700 | 1 |
_aRomulus, Marc _941078 |
|
| 700 | 1 |
_aLaraque, Paul _941079 |
|
| 700 | 1 |
_aPierre-Charles, Gerard, _ecoord. _941080 |
|
| 830 | 0 |
_aNuestro continente _929335 |
|
| 999 |
_c18607 _d18607 |
||